000 00779nmc a2200289 a 4500
003 AR-BaBNM
005 20251128211350.0
008 034020s1991 ||||||||||||||000 | spa||
020 _a950-03-0335-3
040 _cAR-BaBNM
100 1 _aWilliams, Tennessee
245 1 0 _aEl zoológico de cristal
_b; Período de ajuste
250 _a3ª ed.
260 _aBuenos Aires
_bLosada
_c1991
300 _a72 p.
490 0 _aBiblioteca clásica y contemporánea
_vv. 455
650 4 _aLITERATURA ESTADOUNIDENSE
650 4 _aESCRITORES
650 4 _aTEATRO NORTEAMERICANO
650 4 _aCULTURA
650 4 _aLITERATURA CONTEMPORANEA
655 _aLITERATURA
700 1 _aMirlas, León
_etraductor
740 0 _aPeríodo de ajuste
942 _cBK
998 _cmartin
999 _c19353
_d19353